Sobre la esencia

Saved in:
Bibliographic Details
Main Author: Zubiri, Xavier (Author)
Format: Book
Language:Spanish
Published: Madrid Sociedad de Estudios y Publicaciones 1963
Series:Estudios Filosóficos, 1
Subjects:
Tags: Add Tag
No Tags, Be the first to tag this record!

MARC

LEADER 00000nam a2200000 a 4500
001 UCZ3608
003 CL-VaPUC
008 951027e19630000SP |||||||||||||||||spa|d
082 0 4 |a 196.1  |b ZUB  |2 21 
100 0 |a Zubiri, Xavier  |e author  |9 216 
245 1 0 |a Sobre la esencia 
300 |a 521 p 
942 |c BK 
945 |d 19951027 00:00:00  |a rleighto 
260 |a Madrid  |b Sociedad de Estudios y Publicaciones  |c 1963 
650 0 |a Filosofía española   |9 254895 
650 0 |a Esencia  |9 320003 
650 0 |a Espíritu  |9 315904 
650 0 |a Existencia   |9 347398 
650 0 |a Metafísica  |9 265649 
650 7 |a SUSTANCIA  |2 CL-VaPUC  |9 347403 
583 |a last modification  |c 19951027 00:00:00  |k Rodrigo Vera 
490 0 |a Estudios Filosóficos, 1 
999 |c 240066  |d 240064 
952 |0 0  |1 0  |4 0  |6 196_100000000000000_ZUB_1963  |7 0  |8 A  |9 251661  |a BIBEDU  |b BIBEDU  |d 2019-11-18  |i 3129853  |l 4  |m 2  |o 196.1 ZUB 1963  |p 3129853  |q 2024-08-02  |r 2024-07-03  |s 2024-07-03  |w 2019-11-18  |y BK  |k FIL